01394nam a22002175i 4500001000700000003000900007005001700016008004100033040002600074100004300100245009000143260007700233300002900310505051000339510002300849599004100872650003000913852009100943999001901034952012301053163101ES-MaACL20250815062540.0950206m18761894fr a |||| | fre d aGA bspa cCCPB | PA21 aReclus, Élisée, d1830-190599577510aNouvelle géographie universelle b: la terre et les hommes / cpar Elisée Reclus. aParis : bLibrairie Hachette et Cie., c1876-1894 (fTypographie Lahure) a20 v. : bil. ; c29 cm.8 aT. I. L'Europe méridionale : (Grèce, Turquie, Roumanie, Serbie, Italie, Espagne et Portugal) -- T. II. La France -- T. III. L'Europe Centrale : (Suisse, Austro- Hongrie, Allemagne) -- T. IV. L'Europe du Nord-Ouest : (Belgique, Hollande, Iles Britanniques) -- T. V. L'Europe Escandinave et Russe -- T. VI. L'Asie russe -- T. VII. L'Asie Orientale -- T. VIII. L'Inde et l'Indo-Chine -- T. IX. L'Asie antérieure -- T. X. L'Afrique septentrionale (1" parte) -- T. XI. L'Afrique septentrionale (2" parte)4 aWWW CCFr, 11/07/02 1aGrab. xil. intercalados en el texto.07aGeografía2embne913070 aES-MaACLjG-671-89 z-- Enc. hol., excepto t.I y XVII con enc. pielq-- Falto del t.XX c163101d163101 001040708LIBXIXaATENEOMbATENEOMcDEPO2d2008-01-17l0oG-671-89p1170908r2023-02-23 00:00:00w2023-02-23yMONANT